Music Quiz

Random Music or Country Quiz

Singles Sales by Country Quiz Stats

 Plays Quiz not verified by Sporcle

Challenge
Share
Tweet
Embed
Score 0/10 Timer 05:00
0 Plays Today
Physical Singles Sales (2000) Country % Correct
32%United Kingdom
97.6%
16%United States
97.6%
12.5%France
95.1%
12%Germany
90.2%
25%Japan
80.5%
4.6%Australia
73.2%
0.96%Sweden
63.4%
1.7%Netherlands
34.1%
0.92%Switzerland
34.1%
1.8%Belgium
29.3%

You're not logged in!

Compare scores with friends on all Sporcle quizzes.
OR
Log In

You Might Also Like...

Show Comments

Extras

Top Quizzes Today


Score Distribution

Your Account Isn't Verified!

In order to create a playlist on Sporcle, you need to verify the email address you used during registration. Go to your Sporcle Settings to finish the process.

Report this User

Report this user for behavior that violates our Community Guidelines.

Details: